A-Z: names ending in W - Statistics

General Stats
  • This quiz has been taken 30 times
  • The average score is 10 of 26
Answer Stats
Initial letter Clue Name ending in W % Correct
M The capital of Russia Moscow
100%
P Actress Gwyneth Paltrow
100%
A Jesus' disciple who is the patron saint of Scotland Andrew
93%
F Actress Mia from Rosemary's Baby and Death on the Nile Farrow
93%
G Scottish city Glasgow
89%
H London airport Heathrow
89%
K Actress Lisa who played Phoebe in Friends Kudrow
82%
L Legal-sounding village in South Lanarkshire Law
64%
D Co-founder (with Jones) of the industrial average and Wall Street Journal Dow
61%
B Shipbuilding town in Furness, Cumbria Barrow
43%
T Actor John who played Inspector Morse Thaw
43%
W Irish town and county, south of Dublin Wicklow
36%
C Inland Irish town and county Carlow
29%
E Welsh town ____ Vale in Gwent Ebbw
25%
J Suburb of Newcastle-upon-Tyne Jarrow
25%
S 1960s female singer of (There's) Always Something There to Remind Me Sandie Shaw
18%
Y Jesus Lizard vocalist David Yow
14%
R Foul-sounding street name in Glasgow and London Rottenrow
11%
X Jacksonville state linebacker whose surname means "the day after" Xavier Morrow
7%
Z Town in the Podlaskie voivodeship of Poland Zambrów
4%
I Mathematician who did important work developing calculus Isaac Barrow
0%
N Southern Polish town, rebuilt after the Mongols destroyed it in 1241 Namysłów
0%
O Aboriginal language Orlow
0%
Q American mining magnate of the 1800s Quincy Shaw
0%
U Lover of the German writer Goethe Ulrika von Levetzow
0%
V Early 2000s Belarusian footballer Vital Valadzyankow
0%
No matching quizzes found
Score Distribution
Percent of People with Each Score
Percentile by Number Answered
Your Score History
You have not taken this quiz